| 000 | 03015nam0a2200481 4500 | ||
|---|---|---|---|
| 001 | RU\NLR\bibl\902326 | ||
| 005 | 20260408070644.0 | ||
| 010 |
_a5-7422-0791-3 _bв обл. _9100 |
||
| 021 |
_aRU _b2005-73815 _93640 |
||
| 035 | _a(nilc)RSL-KNO-002765736 | ||
| 035 | _a(NLR Aleph) 000890758 | ||
| 090 |
_a1716883 _c1716883 |
||
| 100 | _a20051111d2004 |||y0rusy50 ca | ||
| 101 | 0 | _arus | |
| 102 | _aRU | ||
| 105 | _aa ||||||||| | ||
| 106 | _ar | ||
| 135 | _acrmn mmmanaba | ||
| 200 | 1 |
_aДвигателестроение _eнауч.-техн. сб. _fМ-во образования и науки Рос. Федерации, С.-Петерб. гос. политехн. ун-т _g[ред. комис. проф. М. П. Федоров, проф. Г. П. Поршнев, проф. Ю. В. Галышев] |
|
| 210 |
_aСПб. _cИзд-во Политехн. ун-та _d2004 |
||
| 215 |
_a136 с. _cил., портр., табл. _d20 |
||
| 300 | _aПосвящается 100-летию со дня рождения заслуж. деят. науки и техники Рос. Федерации проф. Н. Х. Дьяченко | ||
| 320 | _aБиблиогр.: с. 7-13 (91 назв.) и в конце ст. | ||
| 325 | 1 | _aКопия доступна в электронной библиотеке РНБ | |
| 600 | 1 |
_aДьяченко _bН.Х. _f1904 - 1978 _gНиколай Харитонович _92413154 _3RU\NLR\auth\661437636 |
|
| 606 | 1 |
_aДвигателестроение _jСборники _9890913 _3RU\NLR\auth\661881 |
|
| 610 | 0 | _aТеплоэнергетика. Теплотехника -- Тепловые машины и аппараты -- Двигатели внутреннего сгорания -- Сборник в "честь" | |
| 610 | 0 | _aТеплоэнергетика. Теплотехника -- Дьяченко Николай Харитонович (1904-1978) - теплотехник -- Биографические материалы -- Сборник "в честь" | |
| 686 |
_aЗ365я434 _2rubbk |
||
| 686 |
_aЗ3д(2)Дьяченко Н.Х.-1я434 _2rubbk |
||
| 686 | _aЗ365я434 | ||
| 686 | _aЗ365д(2)Дьяченко | ||
| 702 | 1 |
_4340 _8rus _7ca _aФедоров _bМ. П. _cд-р техн. наук _f1945- _gМихаил Петрович _3RU\NLR\auth\7738245 _921229 |
|
| 712 | 0 | 2 |
_4570 _aСанкт-Петербургский государственный политехнический университет _3RU\NLR\AUTH\8810044497 _9588417 |
| 801 | 0 |
_aRU _bRuMoRKP _c20051111 _grcr |
|
| 801 | 1 |
_aRU _bRuMoRGB _c20051111 |
|
| 801 | 2 |
_aRU _bNLR _c20060201 _grcr |
|
| 901 | _eКнижные издания | ||
| 942 | _cBOOK | ||
| 980 | _aNB | ||
| 981 | 1 | 3 |
_a(13) Документы, защищенные авторским правом _b(13) Современная научная, научно-популярная и популярная л |